Statistics for Top Pineapple Consuming Countries Per-Capita

Click here to take the quiz!

General Stats

  • This quiz has been taken 83 times
  • The average score is 10 of 20

Answer Stats

#kg.Answer% Correct
188.71Brazil
92%
144.38Costa Rica
79%
1413.45Peru
79%
917.72Panama
77%
1016.46Colombia
75%
1314.19Venezuela
75%
198.51Jamaica
73%
208.23Guatemala
72%
231.98Dominican Republic
68%
819.24Guyana
56%
179.25Philippines
55%
1115.4Samoa
41%
720.12Ghana
37%
620.36Taiwan
35%
428.92Benin
29%
522.02Angola
25%
1512.82Cameroon
21%
169.97Guinea
19%
331.9Eswatini
13%
1215.02Malawi
13%

Score Distribution

Percentile by Number Answered

Percent of People with Each Score

Your Score History

You have not taken this quiz